000 00636nam a2200229Ia 4500
003 OSt
005 20230426164006.0
008 210423s2011 xx 000 0 und d
020 _a9780198069676
040 _cAL
041 _aeng
082 _a338.954
_223
_bMUKR
100 _aMUKHERJI (Rahul)
_993637
245 _aIndias economic transition: the politics of reforms
260 _aOxford
_bOxford University Press
_c2011
300 _ax,460
_bPB
365 _b395
_cINR
650 _aEconomics
_993638
650 _aIndian Economy
_993639
906 _aeconomic ; Indias ; politics ; reforms ; transition:
942 _2ddc
_cBK
999 _c161164
_d161164